000 00548nam a2200217 i 4500
001 bg
100 1 _aRAJCA, Piotr
245 1 0 _aPo prostu Internet Explorer 4 /
_cPiotr Rajca.
260 _aGliwice :
_b"Helion",
_ccop. 1997.
300 _a198 s. :
_brys. ;
_c23 cm.
504 _aIndeks.
650 9 _aInternet Explorer
655 _aPodręczniki
020 _a8386718749
040 _cBPK
041 0 _apl
080 _a004.738.52:004.4'234](07)
920 _a83-86718-74-9
942 _cKS
008 s pl f |000 0 pol
999 _c33379
_d33379